| 000 | 00594nam a22001817a 4500 | ||
|---|---|---|---|
| 020 | _qHard Cover. | ||
| 082 | _a330 | ||
| 100 | _aMajid Mahmood Khan. | ||
| 245 |
_aEconomic Policy Uncertainty and Stock Market Returns: _bEvidence from Pakistan / _cKhan, Majid Mahmood |
||
| 260 |
_aIslamabad: _bS3H-NUST, _c2021. |
||
| 300 |
_a34 p. : _bill. ; _c30cm. |
||
| 563 | _aHB | ||
| 650 | _aBS-Economics. | ||
| 700 |
_aDr. Muhammad Zubair Mumtaz _918702 |
||
| 856 | _uhttp://10.250.8.41:8080/xmlui/handle/123456789/24390 | ||
| 942 |
_2ddc _cPR |
||
| 999 |
_c566205 _d566205 |
||